| 000 | 00831nab a2200253 u 4500 | ||
|---|---|---|---|
| 001 | 14491 | ||
| 003 | HDC | ||
| 007 | cr bn ---aaaaa | ||
| 008 | 210215c mydr|nes 0 a may d | ||
| 040 | _aHDC | ||
| 100 |
_aHakimi Ismail _eauthor _97608 |
||
| 245 | 0 |
_aUIM terbitkan buku pertama berkaitan kehakiman Islam / _cby Hakimi Ismail |
|
| 260 |
_aMalaysia: _bUtusan Malaysia, _c2015 |
||
| 336 |
_atext _2rdacontent |
||
| 337 |
_acomputer _2rdamedia |
||
| 338 |
_aonline resource _2rdacarrier |
||
| 650 |
_aeducations _99268 |
||
| 650 |
_aislamic law _9590 |
||
| 710 | _aUtusan Malaysia | ||
| 856 | _zRequest full-text at [email protected] | ||
| 942 | _2lcc | ||
| 942 | _cNEWS | ||
| 942 | _kNSWC 004615 | ||
| 999 |
_c11807 _d11807 |
||